• 首页
  • 本馆介绍
  • 公告通知
  • 最新文献
  • 馆藏检索
  • 电子资源
  • 读者导购
  • 参考咨询
  • 我的图书馆
  • 登录
  • 详细信息显示
  • 放入我的书架
  • 预约/预借图书
  • 作者相关作品
  • 分类相关作品
  • 丛书相关作品
  • 出版社相关作品

书目信息

  • 表格格式
  • 工作单格式
  • 卡片格式
题名:
园林工程预决算
    
 
作者: 沈玲 主编
分册:  
出版信息: 北京   化学工业出版社  2016
页数: 238页
开本: 26cm
丛书名:
单 册:
中图分类: TU986.3
科图分类:
主题词: 园林--Yuan Lin--工程施工--建筑经济定额--高等学校--教材
电子资源:
ISBN: 978-7-122-27444-1
000 01014nam0 2200265 450
001 012001000219
005 20131105145349.0
010    @a978-7-122-27444-1@dCNY35.00
099    @aCAL 012016094974
100    @a20160825d2016 em y0chiy50 ea
101 0  @achi
102    @aCN@b110000
105    @aak a 000yy
106    @ar
200 1  @a园林工程预决算@AYuan Lin Gong Cheng Yu Jue Suan@f沈玲主编
210    @a北京@c化学工业出版社@d2016
215    @a238页@c图@d26cm
300    @a应用型人才培养“十三五”规划教材
320    @a有书目 (第238页)
330    @a本书根据拟建园林工程项目设计文件的有关内容,独立完成单位工程施工图预算编制、工程量清单编制以及工程量清单招投标报价的能力,使学生懂得园林建设工程投资的构成及园林建设工程各分项工程成本计算及控制,掌握具体园林建设工程预决算的方法及文件编制。
606 0  @a园林@AYuan Lin@x工程施工@x建筑经济定额@x高等学校@j教材
690    @aTU986.3@v4
701  0 @a沈玲@AShen Ling@4主编
801  0 @aCN@b北京卓展文化@c20191020
905    @b1195694-7@dTU986.3@e1496@f4
    
    园林工程预决算/沈玲主编.-北京:化学工业出版社,2016
    238页:图;26cm
    应用型人才培养“十三五”规划教材
    
    ISBN 978-7-122-27444-1:CNY35.00
    本书根据拟建园林工程项目设计文件的有关内容,独立完成单位工程施工图预算编制、工程量清单编制以及工程量清单招投标报价的能力,使学生懂得园林建设工程投资的构成及园林建设工程各分项工程成本计算及控制,掌握具体园林建设工程预决算的方法及文件编制。
●
相关链接 在E读中查询图书 在五车中查询图书 在当当中查询图书 在豆瓣中查询图书


正题名:园林工程预决算     索取号:TU986.3/1496         预约/预借

序号 登录号 条形码 馆藏地/架位号 状态 备注
1 1195694   211956944   第二样本阅览室/ [索取号:TU986.3/1496] 在馆    
2 1195695   211956953   第三借阅区/ [索取号:TU986.3/1496] 在馆    
3 1195696   211956962   第三借阅区/ [索取号:TU986.3/1496] 在馆    
4 1195697   211956971   第三借阅区/ [索取号:TU986.3/1496] 在馆    
唐山师范学院图书馆 欢迎您!
大连网信软件有限公司© 版权所有